00744nam a22001337a 4500008004100000050002400041100004300065245023800108260003000346300003200376700004800408710008800456710006600544121212t2012 mx d | |||| 00| 0 spa d aT HF5548 bA32 2012 aArellano Reyes, Wenceslaoesustentante aValidez y confiabilidad e un instrumento que mide competencias directivas en el IMSS c/ tesis para obtener el título de Licenciado en Psicología, presenta C. Wenceslao Arellano Reyes; asesora Blanca Patricia Murrieta Sánchez  aMéxicob: s/ed.c, 2012 a102 páginasb: gráficas aMurrieta Sánchez, Blanca Patriciaeasesor aUniversidad Nacional Autónoma de México einstitución que otorga el título. aUniversidad Insurgentes, Plantel Xolaeentidad participante.